1473 1784 1304 1219 1566 1759 1088 1295 1058 1872 1176 1747 1429 1269 1453 1417 1482 1004 1204 1478 1977 1962 1977 1971 1934 1460 1935 1173 1689 1928 1588 1068 1546 1856 1297 1520 1571 1338 1739 1582 1150 1783 1249 1448 1398 1080 1721 1056 1221 1016 1246 1793 1017 1364 1439 1429 1990 1674 1168 1177 1496 1553 1406 1484 1521 1146 1035 1584 1070 1811 1896 1099 1452 1123 1894 1186 1558 1607 1348 1592 1591 1636 1678 1681 1168 1258 1731 1949 1130 1803 1373 1415 1728 1896 1113 1945 1226 1330 1800 BCNSPRNW ULIB Ver.6.0+V

เปลี่ยนเป็นภาษาไทย

Change to English
 แสดงรายละเอียดบรรณานุกรม
  กลับหน้าหลัก

Brief Record : Get Marc (ISO 2709) : E-mail record : QR code < ปิดหน้าต่าง
LEADER : 00000nam 2200000uu 4500
001    13399128451
003     ULIB
008    230829s2559||||th 000 0 tha d
020    ^a9786164135444
060 04 ^aWY150^bก451
245 00 ^aการดูแลแผลหลักฐานเชิงประจักษ์ และประสบการณ์จากผู้เชี่ยวชาญ =^bWound care for nursing : evidence base to practice /^cบรรณาธิการ จุฬาพร ประสังสิต, กาญจนา รุ่งแสงจันทร์, ยุวรัตน์ ม่วงเงิน
246 31 ^aWound care for nursing : evidence base to practice
250    ^aพิมพ์ครั้งที่ 1
260    ^aกรุงเทพฯ : ^bพี.เอ.ลีฟวิ่ง,^c2559
300    ^aIX, 346 หน้า :^bภาพประกอบ
504    ^aบรรณานุกรมท้ายเรื่อง
504    ^aดัชนีท้ายเล่ม
590    ^aGift-T-62
650  7 ^aบาดแผลและบาดเจ็บ^xการพยาบาล
650  7 ^aผู้ป่วย^xบาดแผลและบาดเจ็บ
700 0  ^aจุฬาพร ประสังสิต,^eบรรณาธิการ
700 0  ^aกาญจนา รุ่งแสงจันทร์,^eบรรณาธิการ
700 0  ^aยุวรัตน์ ม่วงเงิน,^eบรรณาธิการ
945    ^p550^l0^i29654
945    ^p550^l0^i29655
999    ^aกัณชพร จุลอักษร
รายการนี้ยังไม่มีแท็ก
คุณยังไม่ได้ล็อกอิน คุณสามารถมีกิจกรรมร่วมกับเว็บไซต์ได้ แต่ต้องล็อกอินก่อน ::
  ล็อกอิน

รายการสื่อสารสนเทศ

ลำดับที่ ประเภท เลขเรียก/บาร์โค้ด สถานที่ สถานะ
1. หนังสือสำรอง
หนังสือสำรอง
WY150 ก451 ฉ.1 
  Barcode: 29654
ห้องสมุดวิทยาเขตนครสวรรค์
►หนังสือทั่วไป:l:General Books
บนชั้น
2. วิทยาศาสตร์การแพทย์ และสุขภาพ
วิทยาศาสตร์การแพทย์ และสุขภาพ
WY150 ก451 ฉ.2 
  Barcode: 29655
ห้องสมุดวิทยาเขตนครสวรรค์
►หนังสือทั่วไป:l:General Books
บนชั้น

BibComment


ยังไม่เคยถูกคอมเมนท์

คอมเมนท์ทรัพยากรรายการนี้
  คอมเมนท์: การดูแลแผลหลักฐา..


 Copyright 2026. Bcnsprnw @Library